[Event "London CSC Weekend U2050 op 10th"]
[Site "London"]
[Date "2018.12.15"]
[Round "3"]
[White "San Vicente Cosculluela, Jose Luis"]
[Black "MacNeil, Elliott"]
[Result "0-1"]
[WhiteElo "1779"]
[BlackElo "1673"]
[PlyCount "88"]
[EventDate "2018.12.14"]
[EventType "swiss"]
[EventRounds "5"]
[EventCountry "ENG"]
[SourceTitle "EXT 2020"]
[Source "ChessBase"]
[SourceDate "2019.10.17"]
[SourceVersion "1"]
[SourceVersionDate "2019.10.17"]
[SourceQuality "1"]

1. e4 Nf6 2. e5 Nd5 3. c4 Nb6 4. d4 d6 5. exd6 exd6 6. Nc3 Be7 7. Nf3 Bg4 8. Be3 Nc6 9. Nd5 0-0 10. Rc1 Re8 11. Nxe7+ Qxe7 12. Be2 h6 13. 0-0 a5 14. Re1 Nd7 15. h3 Bh5 16. d5 Nce5 17. Nxe5 Bxe2 18. Qxe2 Qxe5 19. Qd2 Qf5 20. Bd4 b6 21. Re3 Rxe3 22. Qxe3 Nf6 23. Bxf6 Qxf6 24. Rc2 Qe5 25. Re2 Re8 26. Qxe5 Rxe5 27. Rxe5 dxe5 28. f3 Kf8 29. Kf2 Ke7 30. Ke3 f5 31. b3 Kd6 32. a3 Kc5 33. g4 g6 34. Kd3 b5 35. h4 bxc4+ 36. bxc4 h5 37. g5 a4 38. Kc3 e4 39. f4 e3 40. Kd3 e2 41. Kxe2 Kxc4 42. Ke3 Kxd5 43. Kd3 c5 44. Kc3 Ke4 0-1

[Event "London CSC Weekend U2050 op 10th"]
[Site "London"]
[Date "2018.12.14"]
[Round "1"]
[White "San Vicente Cosculluela, Jose Luis"]
[Black "Ireland, David J"]
[Result "0-1"]
[WhiteElo "1779"]
[BlackElo "1939"]
[PlyCount "124"]
[EventDate "2018.12.14"]
[EventType "swiss"]
[EventRounds "5"]
[EventCountry "ENG"]
[SourceTitle "EXT 2020"]
[Source "ChessBase"]
[SourceDate "2019.10.17"]
[SourceVersion "1"]
[SourceVersionDate "2019.10.17"]
[SourceQuality "1"]

1. e4 e5 2. Nf3 Nf6 3. Nxe5 Nxe4 4. Qe2 Qe7 5. Qxe4 d6 6. Nc3 Qxe5 7. d4 Qxe4+ 8. Nxe4 d5 9. Ng3 g6 10. Bf4 Bg7 11. c3 c6 12. Bd3 0-0 13. 0-0 Be6 14. Rae1 Nd7 15. Bd6 Rfe8 16. f4 f5 17. Be5 Nf6 18. Bxf6 Bxf6 19. Ne2 Bd7 20. Nc1 b6 21. Nb3 a5 22. Nd2 c5 23. Nf3 Kf7 24. Ne5+ Bxe5 25. fxe5 Ke7 26. Rf3 Rf8 27. Ref1 c4 28. Bc2 b5 29. h4 b4 30. h5 Rab8 31. hxg6 hxg6 32. Rh3 bxc3 33. Rh7+ Rf7 34. Rxf7+ Kxf7 35. b3 cxb3 36. axb3 Rb4 37. Rf3 Rxd4 38. Rxc3 Ke6 39. Rc7 Rd2 40. g4 d4 41. gxf5+ gxf5 42. Bxf5+ Kxf5 43. Rxd7 Kxe5 44. Ra7 Ra2 45. b4 a4 46. b5 d3 47. Rd7 Ke4 48. b6 Ke3 49. Re7+ Kd2 50. Ra7 Rb2 51. Rxa4 Rxb6 52. Ra8 Rf6 53. Rd8 Ke2 54. Re8+ Kd1 55. Rd8 d2 56. Kg2 Rf5 57. Kg3 Ke2 58. Re8+ Kd3 59. Rd8+ Ke3 60. Kg2 Rf4 61. Re8+ Re4 62. Rd8 Ke2 0-1

[Event "Madrid-ch Previa-B"]
[Site "Madrid"]
[Date "2016.02.19"]
[Round "6"]
[White "Camarero Izquierdo, Juan Carlos"]
[Black "San Vicente Cosculluela, Jose Luis"]
[Result "0-1"]
[WhiteElo "1833"]
[BlackElo "1812"]
[PlyCount "92"]
[EventDate "2016.02.04"]
[EventType "swiss"]
[EventRounds "9"]
[EventCountry "ESP"]
[SourceTitle "CBM 171 Extra"]
[Source "ChessBase"]
[SourceDate "2016.04.26"]
[SourceVersion "1"]
[SourceVersionDate "2016.04.26"]
[SourceQuality "1"]

1. d4 e6 2. Nc3 d5 3. e4 h6 4. e5 c5 5. Nf3 Nc6 6. Bb5 Bd7 7. Bxc6 Bxc6 8. 0-0 Rc8 9. Ne2 cxd4 10. Nfxd4 Bc5 11. Kh1 Ne7 12. f4 g6 13. c3 h5 14. Qd3 a6 15. Qh3 Nf5 16. Nxf5 gxf5 17. Be3 Bxe3 18. Qxe3 Bb5 19. Rfd1 Bxe2 20. Qxe2 h4 21. h3 Qb6 22. Rd4 Rg8 23. Rad1 Rg3 24. R1d2 Qb5 25. Qd1 Rc4 26. a4 Qc6 27. Qh5 Rxd4 28. Rxd4 Re3 29. Qxh4 Re2 30. Qh8+ Ke7 31. Qf6+ Ke8 32. Qh8+ Ke7 33. Qh4+ Ke8 34. Rb4 a5 35. Rb5 d4 36. Qg3 d3 37. Rb6 Qxb6 38. Qg8+ Ke7 39. Qg5+ Kd7 40. Qf6 Qd8 41. Qxf7+ Qe7 42. Qh5 Re1+ 43. Kh2 d2 44. Qf3 d1Q 45. Qxb7+ Ke8 46. Qc8+ Kf7 0-1

[Event "London Classic CSC op U2000 7th"]
[Site "London"]
[Date "2015.12.05"]
[Round "3"]
[White "Kumaresan, Darshan"]
[Black "San Vicente Cosculluela, Jose Luis"]
[Result "0-1"]
[WhiteElo "1654"]
[BlackElo "1842"]
[PlyCount "58"]
[EventDate "2015.12.04"]
[EventType "swiss"]
[EventRounds "5"]
[EventCountry "ENG"]
[SourceTitle "CBM 169 Extra"]
[Source "ChessBase"]
[SourceDate "2015.12.18"]
[SourceVersion "1"]
[SourceVersionDate "2015.12.18"]
[SourceQuality "1"]

1. d4 d5 2. c4 e6 3. Nc3 c5 4. cxd5 exd5 5. dxc5 Nf6 6. Bg5 Bxc5 7. Nf3 Qb6 8. e3 Bb4 9. Rc1 Nbd7 10. Bxf6 Nxf6 11. Bb5+ Qxb5 12. a4 Qc4 13. Ne5 Qe4 14. Nf3 0-0 15. 0-0 Bxc3 16. Rxc3 Bg4 17. Kh1 Rac8 18. Rd3 Qc4 19. Rd4 Qc2 20. Qxc2 Rxc2 21. Rb4 b6 22. Ne5 Be2 23. Rg1 Ne4 24. h3 Nxf2+ 25. Kh2 Nd3 26. Nxd3 Bxd3 27. Kg3 Be4 28. b3 Rfc8 29. h4 h5 0-1